Datum a čas kvízu
27
Celkem bodů
Celkový počet nahraných bodů na tomto kvízu bez doplňovacích otázek.
4.
Pořadí na kvízu
Konečné umístění týmu na tomto kvízu.
Zaznamenané odpovědi
| # | Otázka | Odpověď | Body | Výsledky |
|---|---|---|---|---|
| 1. | Pražský městský soud pravomocn... | Modlitba pro Martu | 1 | |
| 2. | Obyvatelé části severoitalské... | Lambrusco | 0 | |
| 3. | Jedna z nejslavnějších rockový... | Genesis | 0 | |
| 4. | V úterý byl vyhlášen Podnikate... | Oliver Dlouhý | 0 | |
| 5. | O víkendu bojoval český davisc... | s týmem Slovenska | 1 | |
| 6. | V následujících pěti otázkách... | gaviál (indický) | 1 | |
| 7. | Desomorfin je syntetický opioi... | v Rusku | 1 | |
| 8. | Značka Crocs je známá předevší... | v USA | 0 | |
| 9. | Česká rodinná komedie Jak se k... | Marie Poledňáková | 1 | |
| 10. | Jak si říká muž, který v roce... | Elton John | 0 |